| 000 | 01030nmm a2200337 a 4500 | ||
|---|---|---|---|
| 001 | ocm0002146008 | ||
| 003 | TR-IsHL | ||
| 005 | 20201028182801.0 | ||
| 008 | 190207s2018 tu tur | ||
| 007 | cr cn | ||
| 020 | _a9786053276654 | ||
| 035 |
_a2146008 _b(N$T) |
||
| 050 | 0 | 4 |
_aHF5438.5 _b.Y37 2018 |
| 090 | 0 | 4 |
_aHF5438.5 _b.Y37 2018 |
| 100 | 1 | _aYaman, Fikret | |
| 245 | 1 | 0 |
_aTutundurma karması _h[electronic resource] / _cFikret Yaman |
| 260 |
_aBursa : _bEkin Basım Yayın Dağıtım, _c2018 |
||
| 300 | _a86 p. | ||
| 500 | _aKaynakça var | ||
| 650 | 4 | _aEğitim | |
| 650 | 4 | _aEducation | |
| 650 | 0 | _aSatış promosyonu | |
| 650 | 0 | _aSales promotion | |
| 650 | 0 |
_aSatış _x İletişim |
|
| 650 | 0 | _aPromosyon | |
| 650 | 0 | _aSatış geliştirme | |
| 650 | 0 | _aİletişim Bilimleri | |
| 650 | 0 |
_aMedya _x Pazarlama |
|
| 650 | 7 |
_aBUSINESS & ECONOMICS / Sales & Selling / Management _2bisach |
|
| 856 | 4 | 0 | _uhttp://search.ebscohost.com/login.aspx?direct=true&scope=site&db=e011xww&AN=2146008 |
| 999 |
_c20231 _d20231 |
||